000 01010nam a22002537a 4500
999 _c12290
_d12290
003 AR-CdUCM
008 190408b ||||| |||| 00| 0 spa d
040 _aMUNICIPALIDAD PROVINCIAL DEL CUSCO
_cBIBLIOTECA MUNICIPAL DEL CUSCO
082 _aC / 869.58 /
_bC25
110 _aGran Unidad Escolar Bartolomé Herrera (Lima).
_930080
245 _a3 cantos al Cuzco /
260 _aLima :
_bBiblioteca de la Gran Unidad Escolar "Bartolome Herrera",
_c1955.
300 _a40 páginas ;
_bretratos, ilustraciones,
_c21 cm.
440 _aBiblioteca Colección Harahuico.
_n2
_930081
505 _aContenido: Anaximandro Vega -- Ccoscco -- Luis Nieto -- Canto al Cuzco y sus piedras sagradas -- Mario Florián -- Y volverán al Kosko.
650 _aPoesía Peruana
_92266
650 _aSiglo XX
_98
650 _aCusco
_9772
650 _aBiografía
_922
700 _aRespaldiza, Ricardo (portada)
_930082
700 _aRivas S., Juan (ilustraciones)
_930083
942 _2ddc
_cLIBROS
945 _aachl
_d2019-04-08